LEADER 03476nam 2200649Ia 450 001 9910462081503321 005 20210903230906.0 010 $a90-04-23287-7 024 7 $a10.1163/9789004232877 035 $a(CKB)2670000000240778 035 $a(EBL)1035293 035 $a(OCoLC)812481749 035 $a(SSID)ssj0000715947 035 $a(PQKBManifestationID)11488515 035 $a(PQKBTitleCode)TC0000715947 035 $a(PQKBWorkID)10705422 035 $a(PQKB)10382941 035 $a(SSID)ssj0000757731 035 $a(PQKBManifestationID)11390565 035 $a(PQKBTitleCode)TC0000757731 035 $a(PQKBWorkID)10772166 035 $a(PQKB)10757972 035 $a(MiAaPQ)EBC1035293 035 $a(nllekb)BRILL9789004232877 035 $a(PPN)170439771 035 $a(Au-PeEL)EBL1035293 035 $a(CaPaEBR)ebr10608118 035 $a(EXLCZ)992670000000240778 100 $a20120605d2012 uy 0 101 0 $aeng 135 $aur|n|---||||| 181 $ctxt 182 $cc 183 $acr 200 10$aCrazy for wisdom$b[electronic resource] $ethe making of a mad yogin in fifteenth-century Tibet /$fby Stefan Larsson 210 $aBoston $cBrill$d2012 215 $a1 online resource (374 p.) 225 0 $aBrill's Tibetan studies library ;$vv. 30 300 $aRevision of the author's thesis (doctoral--University of Stockholm, 2009) under the title: Birth of a Heruka : How Sangs rgyas rgyal mtshan became gTsang smyon Heruka : A Study of a Mad Yogin. 311 $a90-04-20393-1 320 $aIncludes bibliographical references and index. 327 $aPreliminary Material -- 1 Introduction -- 2 Sources -- 3 Birth and Childhood -- 4 The Exceptional Monk -- 5 The Birth of a Heruka -- 6 The Mad Yogin -- 7 A Mad Yogin Turns the Wheel of Dharma -- 8 Tsangnyön Heruka and Tantric Buddhism -- 9 Tsangnyön?s Own Works -- 10 Some Key Figures and Texts -- Conclusions -- Epilogue -- Glossary -- Tibetan Spelling Key -- Appendix 1 Tentative Chronology of the Life of Tsangnyön -- Appendix 2 A Summary of the Life of Tsangnyön Heruka -- Bibliography -- Index. 330 $aIn his early twenties, the Tibetan monk Sangyé Gyaltsen (1452?1507) left his monastery to become a wandering tantric yogin. As he moved from place to place, seeking enlightenment beyond the bounds of monasticism, his behavior became increasingly erratic. While some were shocked or even angered by his actions, others were drawn to him. Tsangnyön?s followers described his transgressive behaviors as enlightened action, rooted in authoritative Buddhist scripture. Using biographical sources, Stefan Larsson explores Sangyé Gyaltsen?s transformation into the charismatic ?Madman of Tsang,? Tsangnyön Heruka. Best known today as the author of the Life of Milarepa , Tsangnyön Heruka was one of the most influential mad yogins of Tibet. His biography brings its reader face-to-face with an unexpected aspect of Buddhist practice that flourished in fifteenth-century Tibet. 410 0$aBrill's Tibetan Studies Library$v30. 606 $aBuddhists$xBiography$y15th century 608 $aElectronic books. 615 0$aBuddhists$xBiography 676 $a294.3/923092 676 $aB 700 $aLarsson$b Stefan$f1968-$01054042 801 0$bMiAaPQ 801 1$bMiAaPQ 801 2$bMiAaPQ 906 $aBOOK 912 $a9910462081503321 996 $aCrazy for wisdom$92486344 997 $aUNINA LEADER 04730nam 2200673Ia 450 001 9910780861203321 005 20230725041522.0 010 $a1-282-45879-5 010 $a9786612458798 010 $a1-4008-3224-1 024 7 $a10.1515/9781400832248 035 $a(CKB)2520000000007016 035 $a(EBL)483497 035 $a(OCoLC)559739934 035 $a(SSID)ssj0000440229 035 $a(PQKBManifestationID)11925782 035 $a(PQKBTitleCode)TC0000440229 035 $a(PQKBWorkID)10470042 035 $a(PQKB)10792035 035 $a(MiAaPQ)EBC483497 035 $a(DE-B1597)446881 035 $a(OCoLC)979726563 035 $a(DE-B1597)9781400832248 035 $a(Au-PeEL)EBL483497 035 $a(CaPaEBR)ebr10367845 035 $a(CaONFJC)MIL245879 035 $a(EXLCZ)992520000000007016 100 $a20090616d2010 uy 0 101 0 $aeng 135 $aur|n|---||||| 181 $ctxt 182 $cc 183 $acr 200 10$aNonnegative and compartmental dynamical systems$b[electronic resource] /$fWassim M. Haddad, VijaySekhar Chellaboina, Qing Hui 205 $aCourse Book 210 $aPrinceton $cPrinceton University Press$dc2010 215 $a1 online resource (623 p.) 300 $aDescription based upon print version of record. 311 $a0-691-14411-7 320 $aIncludes bibliographical references and index. 327 $t Frontmatter -- $tContents -- $tPreface -- $tChapter 1. Introduction -- $tChapter 2. Stability Theory for Nonnegative Dynamical Systems -- $tChapter 3. Stability Theory for Nonnegative and Compartmental Dynamical Systems with Time Delay -- $tChapter 4. Nonoscillation and Monotonicity of Solutions of Nonnegative Dynamical Systems -- $tChapter 5. Dissipativity Theory for Nonnegative Dynamical Systems -- $tChapter 6. Hybrid Nonnegative and Compartmental Dynamical Systems -- $tChapter 7. System Thermodynamics, Irreversibility, and Time Asymmetry -- $tChapter 8. Finite-Time Thermodynamics -- $tChapter 9. Modeling and Analysis of Mass-Action Kinetics -- $tChapter 10. Semistability and State Equipartition of Nonnegative Dynamical Systems -- $tChapter 11. Robustness of Nonnegative Dynamical Systems -- $tChapter 12. Modeling and Control for Clinical Pharmacology -- $tChapter 13. Optimal Fixed-Structure Control for Nonnegative Systems -- $tChapter 14. H2 Suboptimal Control for Nonnegative Dynamical Systems Using Linear Matrix Inequalities -- $tChapter 15. Adaptive Control for Nonnegative Systems -- $tChapter 16. Adaptive Disturbance Rejection Control for Compartmental Systems -- $tChapter 17. Limit Cycle Stability Analysis and Control for Respiratory Compartmental Models -- $tChapter 18. Identification of Stable Nonnegative and Compartmental Systems -- $tChapter 19. Conclusion -- $tBibliography -- $tIndex 330 $aThis comprehensive book provides the first unified framework for stability and dissipativity analysis and control design for nonnegative and compartmental dynamical systems, which play a key role in a wide range of fields, including engineering, thermal sciences, biology, ecology, economics, genetics, chemistry, medicine, and sociology. Using the highest standards of exposition and rigor, the authors explain these systems and advance the state of the art in their analysis and active control design. Nonnegative and Compartmental Dynamical Systems presents the most complete treatment available of system solution properties, Lyapunov stability analysis, dissipativity theory, and optimal and adaptive control for these systems, addressing continuous-time, discrete-time, and hybrid nonnegative system theory. This book is an indispensable resource for applied mathematicians, dynamical systems theorists, control theorists, and engineers, as well as for researchers and graduate students who want to understand the behavior of nonnegative and compartmental dynamical systems that arise in areas such as biomedicine, demographics, epidemiology, pharmacology, telecommunications, transportation, thermodynamics, networks, heat transfer, and power systems. 606 $aDifferentiable dynamical systems 606 $aGlobal analysis (Mathematics) 615 0$aDifferentiable dynamical systems. 615 0$aGlobal analysis (Mathematics) 676 $a515.39 676 $a515/.39 686 $aSK 520$2rvk 700 $aHaddad$b Wassim M.$f1961-$0447740 701 $aChellaboina$b VijaySekhar$f1970-$0447741 701 $aHui$b Qing$f1976-$01505629 801 0$bMiAaPQ 801 1$bMiAaPQ 801 2$bMiAaPQ 906 $aBOOK 912 $a9910780861203321 996 $aNonnegative and compartmental dynamical systems$93735308 997 $aUNINA LEADER 06208nam 22008775 450 001 9910484085103321 005 20251226202227.0 010 $a1-280-38304-6 010 $a9786613560957 010 $a3-642-02472-6 024 7 $a10.1007/978-3-642-02472-6 035 $a(CKB)1000000000753974 035 $a(SSID)ssj0000317871 035 $a(PQKBManifestationID)11208045 035 $a(PQKBTitleCode)TC0000317871 035 $a(PQKBWorkID)10294000 035 $a(PQKB)10435471 035 $a(DE-He213)978-3-642-02472-6 035 $a(MiAaPQ)EBC3064339 035 $a(PPN)136306896 035 $a(EXLCZ)991000000000753974 100 $a20100301d2009 u| 0 101 0 $aeng 135 $aurnn|008mamaa 181 $ctxt 182 $cc 183 $acr 200 10$aFuture Multimedia Networking $eSecond International Workshop, FMN 2009, Coimbra, Portugal, June 22-23, 2009, Proceedings /$fedited by Andreas Mauthe, Sherali Zeadally, Eduardo Cerqueira, Marília Curado 205 $a1st ed. 2009. 210 1$aBerlin, Heidelberg :$cSpringer Berlin Heidelberg :$cImprint: Springer,$d2009. 215 $a1 online resource (XIII, 262 p.) 225 1 $aComputer Communication Networks and Telecommunications,$x2945-9184 ;$v5630 300 $aBibliographic Level Mode of Issuance: Monograph 311 08$a3-642-02471-8 320 $aIncludes bibliographical references and index. 327 $aStreaming and Voice Services in Future Multimedia Networks -- Enhancing TFRC for Video Streaming by Agnostically Using Applicative Cross Layer Semantics and Measure -- ILPS: A Scalable Multiple Description Coding Scheme for H.264 -- Arrival Process-Controlled Adaptive Media Playout for Video Streaming -- A Multicast-Based Enterprise VoIP Service Architecture: MEVA -- Wireless and ad-hoc Networks in Autonomic Content Networking -- Distributed Information Forwarding Using Delay Function in Wireless Mobile Networks -- A Seamless Mobility Scenario for IP over WiMAX -- Performance Evaluation of the Split Transmission in Multihop Wireless Networks -- Group and Multiparty Services in Autonomic Content Networksg -- Employing Data Driven Random Membership Subset Algorithm for QoS-Aware Peer-to-Peer Streaming -- OASIS: An Overlay Abstraction for Re-architecting Large Scale Internet Group Services -- Interest-Based Peer-to-Peer Group Management -- Multiparty Session and Network Resource Control in the Context Casting (C-CAST) Project -- Quality in Video and Internet Services -- A Scalable Provisioning and Routing Scheme for Multimedia QoS over Ad Hoc Networks -- Realization of Free Viewpoint TV Based on Improved MVC -- A Non-intrusive Estimation for High-Quality Internet TV Services -- A Mathematical Model for Evaluating the Perceptual Quality of Video -- Effect of the Multiple Description Coding over a Hybrid Fixed-AdHoc Video Distribution Network -- Poster/Demo Session -- Speaker Verification System Using Extended Sequential Probability Ratio Test in PDA -- A Data Model for Content Modelling of Temporal Media -- The Design of a Low-Cost Wide Area Network Simulator -- Demonstrating Autonomic On-Demand Content Delivery -- A Real-Time End-to-End Testbed for Evaluating the Performance of Multimedia Services -- Meetecho: A Standard Multimedia Conferencing Architecture -- Portable Device-Centric Streaming Service -- Allocation of Multiple Advertisement on Limited Space: Heuristic Approach -- Performance Evaluations of a QoE-Based Multipath Video Streaming Mechanism over Video Distribution Network (VDN) -- Video Artifacts Assessment for Live Mobile Streaming Applications -- H.264 Rate-Distortion Analysis Using Subjective Quality Metric -- OASIS Archive ? Open Archiving System with Internet Sharing. 330 $aThis book constitutes the thoroughly refereed proceedings of the Future Multimedia Networking Workshop, FMN 2009, held in Coimbra, Portugal, in June 2009. This year`s workshop focuses on various aspects of multimedia systems, content networking, and autonomous communication. The 16 revised papers presented were carefully reviewed and selected from 64 submissions. Further this year a demonstration session on Future Multimedia Networks was held from which 12 papers were accepted. The papers are organized in topical sections on streaming and voice services in future multimedia networks; wireless & ad hoc networks in autonomic content networking ; group and multiparty services in autonomic content networking, as well as quality in video and internet services. 410 0$aComputer Communication Networks and Telecommunications,$x2945-9184 ;$v5630 606 $aApplication software 606 $aComputer networks 606 $aMultimedia systems 606 $aComputers, Special purpose 606 $aElectronic digital computers$xEvaluation 606 $aData structures (Computer science) 606 $aInformation theory 606 $aComputer and Information Systems Applications 606 $aComputer Communication Networks 606 $aMultimedia Information Systems 606 $aSpecial Purpose and Application-Based Systems 606 $aSystem Performance and Evaluation 606 $aData Structures and Information Theory 615 0$aApplication software. 615 0$aComputer networks. 615 0$aMultimedia systems. 615 0$aComputers, Special purpose. 615 0$aElectronic digital computers$xEvaluation. 615 0$aData structures (Computer science) 615 0$aInformation theory. 615 14$aComputer and Information Systems Applications. 615 24$aComputer Communication Networks. 615 24$aMultimedia Information Systems. 615 24$aSpecial Purpose and Application-Based Systems. 615 24$aSystem Performance and Evaluation. 615 24$aData Structures and Information Theory. 676 $a004 686 $aDAT 250f$2stub 686 $aDAT 670f$2stub 686 $aSS 4800$2rvk 701 $aMauthe$b Andreas$01750630 801 0$bMiAaPQ 801 1$bMiAaPQ 801 2$bMiAaPQ 906 $aBOOK 912 $a9910484085103321 996 $aFuture multimedia networking$94199350 997 $aUNINA